000
00256nam a22001097a 4500
041
_a
eng
080
_a
80
100
_a
Девкин, В. Д.
245
_a
Диалог. Немецкая разговорная речь.
650
_a
German
999
_c
279375
_d
279375
942
_c
BK